000 01269nam a22003370a 4500
001 PT4183
003 AR-LpoUNG
005 20210131231703.0
008 191001s1992||||ag |||||||||||||||||spa d
020 _a9500707403
_c$19.85
040 _aAR-LpoUNG
_bspa
_cAR-LpoUNG
_eaacr
041 _aspa
044 _aag
082 0 _a982.05 113tra
100 1 _aSabato, Hilda
245 1 4 _aLos trabajadores de Buenos Aires :
_bla experiencia del mercado 1850-1880
260 _aBuenos Aires :
_bSudamericana,
_c1992.
300 _a285 p. :
_bgráfs., il.
520 _aEste libro se ocupa de una etapa decisiva y mal conocida de nuestro pasado, intenta construir una historia en el cruce entre esos dos procesos: la conformación del mercado de trabajo y la transforamción de las condiciones laborales de los trabajadores y de su forma de enfrentarse con la experiencia, para la mayoría novedosa, del mercado de trabajo.
650 4 _aARGENTINA
650 4 _aEMPLEO
650 4 _aHISTORIA NACIONAL
650 4 _aINVESTIGACION HISTORICA
650 4 _aMOVILIDAD DE LA MANO DE OBRA
650 4 _aOFERTA DE MANO DE OBRA
650 4 _aTRABAJADORES NO CALIFICADOS
651 4 _aArgentina
700 1 _aRomero, Luis Alberto
905 _a4183
942 _cLIB
999 _c11439
_d11439